[Event "Championnat de France - Accession"]
[Site "NANCY"]
[Date "2013.08.22"]
[Round "10.1"]
[White "Velten, Paul"]
[Black "Chabanon, Jean-Luc"]
[Result "0-1"]
[WhiteElo "2430"]
[BlackElo "2473"]
[PlyCount "82"]
[EventDate "2013.??.??"]

1. d4 Nf6 2. Nf3 d5 3. c4 e6 4. g3 Bb4+ 5. Bd2 Bd6 6. Bg2 Nbd7 7. O-O O-O 8. c5
Be7 9. b4 c6 10. Nc3 b6 11. Qc2 a5 12. a3 Ba6 13. Rfe1 Qc7 14. Bf4 Qb7 15. Rab1
axb4 16. axb4 Rfc8 17. h3 Nh5 18. Bg5 Bxg5 19. Nxg5 Nhf6 20. e4 h6 21. Nf3 Bc4
22. e5 Ne8 23. Nd2 Ba6 24. f4 Nc7 25. Nf3 Bc4 26. Bf1 Ra3 27. Bxc4 dxc4 28. Re3
Rca8 29. f5 Nd5 30. Nxd5 cxd5 31. Rxa3 Rxa3 32. Qf2 bxc5 33. fxe6 fxe6 34. dxc5
Nxc5 35. Qxc5 Rxf3 36. b5 Qf7 37. Kg2 Qf5 38. b6 Qd3 39. Qc8+ Kh7 40. Qa6 Qe4
41. Rc1 Re3+ 0-1

[Event "Championnat de France - Accession"]
[Site "NANCY"]
[Date "2013.08.22"]
[Round "10.2"]
[White "Lagarde, Maxime"]
[Black "Marzolo, Cyril"]
[Result "1-0"]
[WhiteElo "2526"]
[BlackElo "2449"]
[Annotator "Rivier,Sylvain"]
[PlyCount "25"]
[EventDate "2013.??.??"]

1. e4 e6 2. Qe2 Be7 3. Nf3 d5 4. d3 Nf6 5. g3 b5 6. Bg2 b4 7. e5 Nfd7 8. O-O c5
9. h4 Nc6 10. Bf4 a5 11. a4 Ba6 12. c4 bxc3 13. bxc3 {suite illisible} 1-0

[Event "Championnat de France - Accession"]
[Site "NANCY"]
[Date "2013.08.22"]
[Round "10.4"]
[White "Barbot, Pierre"]
[Black "Jolly, Jean-Francois"]
[Result "1/2-1/2"]
[WhiteElo "2360"]
[BlackElo "2378"]
[PlyCount "90"]
[EventDate "2013.??.??"]

1. d4 Nf6 2. Nf3 g6 3. Nbd2 Bg7 4. e4 d6 5. Bd3 O-O 6. O-O Nc6 7. c3 e5 8. dxe5
Nxe5 9. Nxe5 dxe5 10. Nc4 Qe7 11. b3 Rd8 12. Qe2 Nh5 13. g3 Nf6 14. a4 a5 15.
Bc2 b6 16. Ba3 Qe6 17. b4 axb4 18. cxb4 Rd4 19. Nd2 Bb7 20. Nb3 Nxe4 21. Nxd4
Ng5 22. f3 exd4 23. Qxe6 fxe6 24. Bd1 d3 25. Ra2 Bd5 26. Rd2 Bd4+ 27. Kg2 Bc4
28. Bb2 Be3 29. Bc3 Bxd2 30. Bxd2 Nf7 31. Bc3 Nd6 32. g4 Bd5 33. Kf2 c5 34. Ke3
cxb4 35. Bxb4 Nc4+ 36. Kxd3 Nb2+ 37. Ke3 Nxd1+ 38. Rxd1 Rxa4 39. Rb1 b5 40. Rb2
Kf7 41. f4 h5 42. g5 Ke8 43. Kd4 Kd7 44. Kc5 Bc4 45. Rd2+ Bd5 1/2-1/2

[Event "Championnat de France - Accession"]
[Site "NANCY"]
[Date "2013.08.22"]
[Round "10.5"]
[White "Moussard, Jules"]
[Black "Claverie, Christophe"]
[Result "1-0"]
[WhiteElo "2442"]
[BlackElo "2323"]
[PlyCount "55"]
[EventDate "2013.??.??"]

1. Nf3 Nf6 2. d4 g6 3. Bf4 Bg7 4. e3 d6 5. h3 O-O 6. Be2 Nc6 7. O-O Nd7 8. c4
e5 9. Bh2 h6 10. Nc3 f5 11. Rb1 e4 12. Nd2 Nf6 13. b4 Ne7 14. Qc2 g5 15. d5 Rf7
16. Rfd1 h5 17. c5 g4 18. Nc4 Ne8 19. Nb5 Rf6 20. Rbc1 Rg6 21. h4 a6 22. Nxc7
g3 23. Bxg3 Rxg3 24. Nxa8 f4 25. fxg3 fxg3 26. Nxd6 Nf5 27. Qxe4 Nf6 28. Qe5
1-0

[Event "Championnat de France - Accession"]
[Site "NANCY"]
[Date "2013.08.22"]
[Round "10.6"]
[White "Shirazi, Kamran"]
[Black "Lazarev, Vladimir"]
[Result "0-1"]
[WhiteElo "2406"]
[BlackElo "2410"]
[PlyCount "78"]
[EventDate "2013.??.??"]

1. e4 c5 2. Nc3 e6 3. f4 d5 4. d3 Nc6 5. Nf3 Nf6 6. Qe2 Be7 7. g3 O-O 8. e5 Ne8
9. Bg2 Rb8 10. O-O b5 11. Qf2 f6 12. exf6 Nxf6 13. Bd2 Bd6 14. Rae1 Qc7 15. Bh3
b4 16. Na4 e5 17. Bxc8 Rbxc8 18. Nxe5 Nxe5 19. fxe5 Bxe5 20. Qf5 Rce8 21. Bf4
Bd4+ 22. Kh1 Qc6 23. Rxe8 Rxe8 24. c3 bxc3 25. bxc3 Be3 26. Bxe3 Rxe3 27. Nb2
d4+ 28. Kg1 dxc3 29. Nd1 Re2 30. Nf2 Qd5 31. Qc8+ Re8 32. Qa6 Qd4 33. Qxa7 Ng4
34. Qb6 Nxf2 35. Qb3+ c4 36. dxc4 Rf8 37. c5+ Kh8 38. Qe6 Qxc5 39. Kg2 c2 0-1

[Event "Championnat de France - Accession"]
[Site "NANCY"]
[Date "2013.08.22"]
[Round "10.7"]
[White "Di Nicolantonio, Lucas"]
[Black "Migot, Tangi"]
[Result "1/2-1/2"]
[WhiteElo "2310"]
[BlackElo "2339"]
[PlyCount "40"]
[EventDate "2013.??.??"]

1. d4 Nf6 2. Bg5 d5 3. Bxf6 exf6 4. e3 Be6 5. g3 c6 6. Bg2 Bd6 7. Ne2 O-O 8.
O-O f5 9. Qd3 Nd7 10. b3 Nf6 11. c4 Qd7 12. Nbc3 Ne4 13. Rfd1 Rfd8 14. Rab1 Bb4
15. Rdc1 Rdc8 16. Ra1 Ba3 17. Rc2 Bb4 18. Rcc1 Ba3 19. Rc2 Bb4 20. Rcc1 Ba3
1/2-1/2

[Event "Championnat de France - Accession"]
[Site "NANCY"]
[Date "2013.08.22"]
[Round "10.8"]
[White "Ider, Borya"]
[Black "Dionisi, Thomas"]
[Result "1/2-1/2"]
[WhiteElo "2388"]
[BlackElo "2316"]
[PlyCount "91"]
[EventDate "2013.??.??"]

1. d4 f5 2. g3 g6 3. Bg2 Bg7 4. c3 Nf6 5. Qb3 Nc6 6. Nh3 e5 7. dxe5 Nxe5 8. O-O
d5 9. Bf4 Nc4 10. Rd1 c6 11. Na3 Nb6 12. c4 O-O 13. cxd5 Nfxd5 14. Bg5 Qe8 15.
Nf4 Be6 16. Nxe6 Qxe6 17. Be3 Rfe8 18. Bxb6 Nxb6 19. Qxe6+ Rxe6 20. Rd2 Rae8
21. e3 Re5 22. Bf1 Rd5 23. Rad1 Bxb2 24. Rxd5 Nxd5 25. Nc4 Bc3 26. Nd6 Rb8 27.
Bc4 Bb4 28. Bxd5+ cxd5 29. Nb5 a6 30. Nc7 Rd8 31. Nxd5 Ba5 32. Kf1 Kf7 33. h3
Rd6 34. g4 Ke6 35. gxf5+ Kxf5 36. Ke2 Ke6 37. e4 Rc6 38. Kd3 b5 39. h4 Rc4 40.
h5 Ra4 41. Rc1 Ra3+ 42. Kd4 Ra4+ 43. Kd3 Ra3+ 44. Kd4 Ra4+ 45. Kd3 Ra3+ 46. Kd4
1/2-1/2

[Event "Championnat de France - Accession"]
[Site "NANCY"]
[Date "2013.08.22"]
[Round "10.9"]
[White "Saada, Julien"]
[Black "Crut, Aurelien"]
[Result "1/2-1/2"]
[WhiteElo "2321"]
[BlackElo "2373"]
[PlyCount "81"]
[EventDate "2013.??.??"]

1. d4 d5 2. Nf3 Nf6 3. e3 g6 4. Bd3 Bg7 5. O-O O-O 6. b3 c5 7. Bb2 Nc6 8. dxc5
Qa5 9. a3 Qxc5 10. b4 Qb6 11. Nbd2 Bg4 12. h3 Bxf3 13. Nxf3 Rac8 14. Qe2 Nd7
15. Bxg7 Kxg7 16. c4 dxc4 17. Bxc4 Nce5 18. Nxe5 Nxe5 19. Rfc1 Nxc4 20. Rxc4
Qa6 21. Qb2+ Qf6 22. Qxf6+ Kxf6 23. Rac1 Rxc4 24. Rxc4 Rd8 25. Rc7 Rd1+ 26. Kh2
Ra1 27. Rxb7 Rxa3 28. Kg3 e5 29. Kf3 Ra2 30. e4 h5 31. h4 Ra3+ 32. Ke2 Ra2+ 33.
Ke3 Ra3+ 34. Ke2 Ra2+ 35. Ke3 Ra3+ 36. Ke2 Ra2+ 37. Ke3 Ra3+ 38. Ke2 Ra2+ 39.
Ke3 Ra3+ 40. Ke2 Ra2+ 41. Ke3 1/2-1/2

[Event "Championnat de France - Accession"]
[Site "NANCY"]
[Date "2013.08.22"]
[Round "10.10"]
[White "Stephan, Victor"]
[Black "Navrotescu, Catalin"]
[Result "0-1"]
[WhiteElo "2304"]
[BlackElo "2363"]
[PlyCount "74"]
[EventDate "2013.??.??"]

1. d4 f5 2. c4 Nf6 3. Nf3 g6 4. g3 Bg7 5. Bg2 O-O 6. O-O d6 7. b3 e5 8. dxe5
dxe5 9. Bb2 e4 10. Nd4 Qe7 11. e3 Nbd7 12. Nc3 Ne5 13. a4 c5 14. Ba3 a6 15.
Nde2 Be6 16. Nf4 Bf7 17. Qc2 g5 18. Nfd5 Nxd5 19. cxd5 Nd3 20. Rad1 Qe5 21. Ne2
Bxd5 22. Nc1 Nxc1 23. Rxc1 Rac8 24. b4 c4 25. b5 Rfd8 26. bxa6 bxa6 27. Rfd1 c3
28. Bf1 Qe6 29. Qe2 Rc6 30. Qh5 h6 31. g4 f4 32. exf4 gxf4 33. Bh3 e3 34. Qh4
Bf6 35. g5 exf2+ 36. Qxf2 Qxh3 37. gxf6 Qg4+ 0-1

[Event "Championnat de France - Accession"]
[Site "NANCY"]
[Date "2013.08.23"]
[Round "11.1"]
[White "Chabanon, Jean-Luc"]
[Black "Moussard, Jules"]
[Result "0-1"]
[WhiteElo "2473"]
[BlackElo "2442"]
[PlyCount "67"]
[EventDate "2013.??.??"]

1. d4 g6 2. e4 Bg7 3. Nf3 d6 4. Be2 Nf6 5. Nc3 O-O 6. O-O c6 7. h3 Qc7 8. Bf4
Nbd7 9. e5 dxe5 10. Nxe5 Nxe5 11. Bxe5 Qa5 12. Bf3 Be6 13. Ne2 Rfd8 14. Nf4 Bc4
15. Re1 Rd7 16. b3 Bd5 17. Bg4 Nxg4 18. Qxg4 Qd8 19. Bxg7 Kxg7 20. Re5 b5 21.
Rae1 e6 22. h4 Kf8 23. h5 Qf6 24. hxg6 hxg6 25. Nd3 a5 26. Nb2 b4 27. Nd3 Ke7
28. Nc5 Rdd8 29. Qg3 Rac8 30. c4 bxc3 31. Qxc3 Rh8 32. R1e3 Qh4 33. Rh3 Qg4 34.
Rxh8 0-1

[Event "Championnat de France - Accession"]
[Site "NANCY"]
[Date "2013.08.23"]
[Round "11.2"]
[White "Roser, Kevin"]
[Black "Lagarde, Maxime"]
[Result "1-0"]
[WhiteElo "2413"]
[BlackElo "2526"]
[PlyCount "65"]
[EventDate "2013.??.??"]

1. e4 c5 2. Nf3 d6 3. d4 cxd4 4. Nxd4 Nf6 5. Nc3 a6 6. Be2 g6 7. g4 Bg7 8. g5
Nfd7 9. h4 O-O 10. Be3 b5 11. a3 Bb7 12. Qd2 Nb6 13. O-O-O Qc7 14. h5 Rc8 15.
hxg6 hxg6 16. f4 N8d7 17. Rh4 Nc5 18. f5 Nba4 19. fxg6 fxg6 20. Bg4 Bxe4 21.
Bxc8 Rxc8 22. Nxe4 Bxd4 23. Nxc5 Nxc5 24. Kb1 Be5 25. Bd4 d5 26. Bxe5 Qxe5 27.
Qxd5+ Qxd5 28. Rxd5 Ne6 29. Re5 Ng7 30. Rhe4 e6 31. a4 bxa4 32. Rxa4 Rc6 33.
Rea5 1-0

[Event "Championnat de France - Accession"]
[Site "NANCY"]
[Date "2013.08.23"]
[Round "11.3"]
[White "Mullon, Jean-Baptiste"]
[Black "Jolly, Jean-Francois"]
[Result "1-0"]
[WhiteElo "2411"]
[BlackElo "2378"]
[PlyCount "127"]
[EventDate "2013.??.??"]

1. e4 e5 2. Nf3 Nc6 3. Bb5 a6 4. Ba4 Nf6 5. O-O Be7 6. Re1 b5 7. Bb3 O-O 8. d4
d6 9. c3 Bg4 10. d5 Na5 11. Bc2 c6 12. h3 Bc8 13. dxc6 Qc7 14. Nbd2 Qxc6 15.
Nf1 Be6 16. Ng3 Rfe8 17. Ng5 Bd7 18. a4 h6 19. Nf3 Nc4 20. b3 Na5 21. Bd2 Rec8
22. axb5 axb5 23. Nh4 Bf8 24. Nhf5 Be6 25. Qf3 Nh7 26. Rab1 Kh8 27. Ne3 g6 28.
h4 h5 29. Nd5 Qb7 30. Ra1 Nc6 31. b4 Ne7 32. Bb3 Bxd5 33. exd5 f5 34. Ra5 Bg7
35. Rea1 e4 36. Qe2 Nxd5 37. Rxa8 Rxa8 38. Rxa8+ Qxa8 39. Qxb5 Nxc3 40. Qa5 Qb8
41. Bf7 Nf8 42. Bxg6 Nxg6 43. Qxf5 Nf8 44. Bxc3 Bxc3 45. Nxe4 Be5 46. Qxh5+ Kg7
47. Qg4+ Kf7 48. h5 Qa7 49. g3 Qd4 50. b5 d5 51. Qf5+ Ke7 52. Ng5 Bf6 53. Kg2
Qe5 54. Qxe5+ Bxe5 55. f4 Bf6 56. Kf3 Bxg5 57. fxg5 Nd7 58. Kf4 Nb6 59. Ke5 Kf7
60. g6+ Kg7 61. g4 Kg8 62. h6 Kh8 63. Kd4 Kg8 64. Kc5 1-0

[Event "Championnat de France - Accession"]
[Site "NANCY"]
[Date "2013.08.23"]
[Round "11.4"]
[White "Lazarev, Vladimir"]
[Black "Barbot, Pierre"]
[Result "1/2-1/2"]
[WhiteElo "2410"]
[BlackElo "2360"]
[PlyCount "48"]
[EventDate "2013.??.??"]

1. d4 Nf6 2. c4 g6 3. Nc3 d5 4. cxd5 Nxd5 5. Bd2 Nb6 6. e3 Bg7 7. f4 O-O 8. Nf3
c5 9. dxc5 N6d7 10. Na4 e5 11. Bc3 exf4 12. Bxg7 Kxg7 13. Qd4+ Kg8 14. O-O-O
fxe3 15. Bb5 Qa5 16. Nc3 Nc6 17. Qxe3 Nxc5 18. Qxc5 a6 19. Ne4 Qxb5 20. Nf6+
Kg7 21. Nh5+ Kg8 22. Nf6+ Kg7 23. Nh5+ Kg8 24. Nf6+ Kg7 1/2-1/2

[Event "Championnat de France - Accession"]
[Site "NANCY"]
[Date "2013.08.23"]
[Round "11.5"]
[White "Marzolo, Cyril"]
[Black "Velten, Paul"]
[Result "1/2-1/2"]
[WhiteElo "2449"]
[BlackElo "2430"]
[PlyCount "70"]
[EventDate "2013.??.??"]

1. e4 e6 2. d4 d5 3. Nc3 Nf6 4. exd5 exd5 5. Bg5 Be7 6. Bd3 O-O 7. Nge2 h6 8.
Bh4 c6 9. O-O Ne4 10. Bxe7 Qxe7 11. Bxe4 dxe4 12. Ng3 f5 13. f3 exf3 14. Qxf3
Qb4 15. Qd3 Qxb2 16. Nd5 cxd5 17. Rfb1 Qxa1 18. Rxa1 f4 19. Ne2 Bg4 20. Rf1
Bxe2 21. Qxe2 Nc6 22. c3 Rad8 23. Qg4 Rfe8 24. Qxf4 Re7 25. Qh4 Red7 26. Re1
Rf7 27. Qh3 Kf8 28. Re6 Ne7 29. Qg4 Ng8 30. Re1 Nf6 31. Qe6 Rfd7 32. Rf1 Rf7
33. Re1 Rfd7 34. Rf1 Rf7 35. Re1 Rfd7 1/2-1/2

[Event "Championnat de France - Accession"]
[Site "NANCY"]
[Date "2013.08.23"]
[Round "11.6"]
[White "Navrotescu, Catalin"]
[Black "Di Nicolantonio, Lucas"]
[Result "1-0"]
[WhiteElo "2363"]
[BlackElo "2310"]
[PlyCount "55"]
[EventDate "2013.??.??"]

1. d4 d5 2. c4 e6 3. Nf3 Nf6 4. Nc3 c6 5. Bg5 h6 6. Bh4 dxc4 7. e4 g5 8. Bg3 b5
9. Be2 Bb7 10. e5 Nd5 11. Nd2 Nf4 12. Bxf4 gxf4 13. Nde4 Nd7 14. Qd2 b4 15.
Qxf4 bxc3 16. Bh5 Rh7 17. bxc3 Qc7 18. O-O Be7 19. Rab1 O-O-O 20. Rb2 f6 21.
Rfb1 Ba8 22. Nd6+ Bxd6 23. exd6 Qa5 24. Qe4 Qxh5 25. Qxe6 Qb5 26. Rxb5 cxb5 27.
Rxb5 Bc6 28. Rb2 1-0

[Event "Championnat de France - Accession"]
[Site "NANCY"]
[Date "2013.08.23"]
[Round "11.7"]
[White "Claverie, Christophe"]
[Black "Favarel, Antoine"]
[Result "0-1"]
[WhiteElo "2323"]
[BlackElo "2363"]
[PlyCount "84"]
[EventDate "2013.??.??"]

1. Nf3 d5 2. g3 Bg4 3. Bg2 e6 4. O-O Nd7 5. d4 Ngf6 6. c4 c6 7. Qb3 Qb6 8. Nc3
Be7 9. c5 Qxb3 10. axb3 a6 11. b4 Rc8 12. h3 Bf5 13. Nh4 Bc2 14. Nf3 h6 15. g4
g5 16. Ne1 Bh7 17. Nd3 h5 18. f3 hxg4 19. hxg4 Bxd3 20. exd3 Nh7 21. Ne2 Nhf8
22. Kf2 Ng6 23. Be3 Bf6 24. Rh1 Ke7 25. b3 Nf4 26. Bxf4 gxf4 27. Rag1 Bg5 28.
Ke1 Nf6 29. Kd2 Rcg8 30. Kc3 Ne8 31. Kb2 Kf6 32. Ka3 Nc7 33. Ka4 Nb5 34. Ka5
Kg6 35. Rxh8 Rxh8 36. Rh1 Ra8 37. Ka4 Re8 38. Bf1 Rb8 39. Rh5 Re8 40. Ka5 Bd8+
41. Ka4 Bc7 42. Bh3 Ra8 0-1

[Event "Championnat de France - Accession"]
[Site "NANCY"]
[Date "2013.08.23"]
[Round "11.8"]
[White "Migot, Tangi"]
[Black "Bellahcene, Bilel"]
[Result "1-0"]
[WhiteElo "2339"]
[BlackElo "2321"]
[PlyCount "58"]
[EventDate "2013.??.??"]

1. d4 Nf6 2. c4 e6 3. Nc3 c5 4. e3 d5 5. Nf3 Nc6 6. a3 cxd4 7. exd4 Be7 8. Bd3
dxc4 9. Bxc4 O-O 10. O-O a6 11. Bb3 Qa5 12. Bd2 Qh5 13. Na4 b5 14. Nb6 Rb8 15.
Nxc8 Rbxc8 16. a4 Rfd8 17. axb5 axb5 18. Be3 Ra8 19. Qe2 Na5 20. Ba2 Bb4 21.
Bg5 Rab8 22. Rfc1 Rb6 23. Bf4 Bd6 24. Bxd6 Rbxd6 25. Rc5 Qh6 26. Qxb5 Ne4 27.
Rcc1 Nd2 28. Nxd2 Qxd2 29. Rd1 Qg5 1-0

[Event "Championnat de France - Accession"]
[Site "NANCY"]
[Date "2013.08.23"]
[Round "11.9"]
[White "Dionisi, Thomas"]
[Black "Shirazi, Kamran"]
[Result "0-1"]
[WhiteElo "2316"]
[BlackElo "2406"]
[PlyCount "64"]
[EventDate "2013.??.??"]

1. e4 c5 2. Nf3 e6 3. c3 d5 4. exd5 exd5 5. d4 Nc6 6. Be3 cxd4 7. Nxd4 Bd6 8.
Be2 Nf6 9. O-O O-O 10. Bg5 Re8 11. Bh4 Nxd4 12. cxd4 Re4 13. Bg3 Bxg3 14. hxg3
Qb6 15. Nc3 Rxd4 16. Qc2 Be6 17. Rad1 Rb4 18. b3 Rc8 19. Qd3 h5 20. Bf3 Rd8 21.
Na4 Qa5 22. a3 Rb5 23. Be2 a6 24. Qb1 Bg4 25. f3 Bf5 26. Qxf5 Rxb3 27. Qf4 Rxa3
28. Nb2 Ra2 29. Qd4 Qc7 30. Kf2 Re8 31. Ra1 Qc2 32. Qd3 Qc5+ 0-1

[Event "Championnat de France - Accession"]
[Site "NANCY"]
[Date "2013.08.23"]
[Round "11.10"]
[White "Monroy, Charles"]
[Black "Saada, Julien"]
[Result "1/2-1/2"]
[WhiteElo "2436"]
[BlackElo "2321"]
[PlyCount "81"]
[EventDate "2013.??.??"]

1. c4 e6 2. g3 d5 3. Bg2 Nf6 4. Nf3 dxc4 5. Qa4+ Nbd7 6. Qxc4 a6 7. Qc2 c5 8.
Nc3 Qc7 9. d4 cxd4 10. Nxd4 Bc5 11. Nb3 Bd6 12. O-O Rb8 13. Bg5 h6 14. Bxf6
Nxf6 15. Rac1 O-O 16. Rfd1 Rd8 17. Rd3 Be7 18. Rxd8+ Qxd8 19. Ne4 Nxe4 20. Bxe4
b5 21. Nc5 Bxc5 22. Qxc5 Bb7 23. Bxb7 Rxb7 24. Qc6 Rb6 25. Qe4 Rd6 26. b3 Rd1+
27. Rxd1 Qxd1+ 28. Kg2 Qd6 29. Qa8+ Kh7 30. Qe4+ Kg8 31. Qa8+ Kh7 32. Qe4+ Kg8
33. Qa8+ Kh7 34. Qe4+ Kg8 35. Qa8+ Kh7 36. Qe4+ Kg8 37. Qa8+ Kh7 38. Qe4+ Kg8
39. Qa8+ Kh7 40. Qe4+ Kg8 41. Qa8+ 1/2-1/2